000
00353nam a22001577a 4500
005
20251108172621.0
008
250721s9999 xx 000 0 eng d
082
1
4
_a
FFOL
100
1
_a
Follett, James
245
1
0
_a
Trojan /
264
1
_a
London :
_b
Mandarion,
300
_a
490 p
650
1
7
_a
English Fiction
942
_2
ddc
_c
BK
999
_c
84151
_d
84151